Fifty years of natural rubber research in India: A bibliography (Record no. 44236)

MARC details
000 -LEADER
fixed length control field 00381nam a2200133Ia 4500
020 ## - INTERNATIONAL STANDARD BOOK NUMBER
ISBN 8187439122
082 ## - DEWEY DECIMAL CLASSIFICATION NUMBER
Item number RRI
100 ## - MAIN ENTRY--AUTHOR NAME
Personal name Jose, Mercy
245 #0 - TITLE STATEMENT
Title Fifty years of natural rubber research in India: A bibliography
260 ## - PUBLICATION, DISTRIBUTION, ETC. (IMPRINT)
Place of publication Kottayam
Name of publisher Rubber Research Institute of India
Year of publication 2005
700 ## - ADDED ENTRY--PERSONAL NAME
Personal name Korah, Accamma
942 ## - ADDED ENTRY ELEMENTS (KOHA)
Koha item type Books
Holdings
Withdrawn status Lost status Damaged status Not for loan Home library Current library Date acquired Source of acquisition Full call number Accession Number Koha item type
        RRII Library RRII Library 16/12/2021 Gift RRI G00983 Books